01161nam a2200193Ia 4500001000900000003001000009008004100019040002500060041001300085100003100098245005800129250001100187260008400198300001200282500026800294501011400562520026800676650002300944L140-988IT-CnALBA170116s9999||||xx |||||||||||||| ||und|| aIT-CnALBAcIT-CnALBA aITALIANO aSOAVE P. FRANCESCO, C.R.S. 0aISTITUZIONI DI ETICA. VOL. III. OPUSCOLI METAFISICI.  a3a ed. a MANTOVAbTIPOGRAFIA VIRGILIANA c1834 [1° Ed.:1834 - Ed.Ling.Originale: 1834] a664 p.  aUOMO SAGGIO IMMAGINAZIONI PASSIONI. UOMO PROBO. ORIGINE DELLA SOCIETÀ. COSTUMI PRECETTI DOVERI VIRTÙ. UOMO PIO CRISTIANO. RICERCHE SULLA ISTITUZIONE NATURALE DELLA SOCIETÀ E DELLA LINGUA. LINGUA UNIVERSALE. SONNAMBULISMO. FILOSOFIA DI KANT. SENSIBILITÀ PU aSocietà San Paolo EM - Piazza San Paolo, 14 - 12051 ALBA (CN) (non commercial uses only) ® Copyright 2017 aUOMO SAGGIO IMMAGINAZIONI PASSIONI. UOMO PROBO. ORIGINE DELLA SOCIETÀ. COSTUMI PRECETTI DOVERI VIRTÙ. UOMO PIO CRISTIANO. RICERCHE SULLA ISTITUZIONE NATURALE DELLA SOCIETÀ E DELLA LINGUA. LINGUA UNIVERSALE. SONNAMBULISMO. FILOSOFIA DI KANT. SENSIBILITÀ PU aSISTEMI FILOSOFICI